Insectos comúnes - Estadísticas

Estadísticas generales
  • Esta prueba ha sido intentada 20 veces
  • La puntuación promedio es 14 de 23
Estadísticas de respuestas
Tipo Respuesta % Correcto
Odonato Libélula
94%
Díptero Mosca
94%
Díptero Mosquito
89%
Himenóptero Abeja
78%
Himenóptero Avispa
78%
Dictióptero Cucaracha
78%
Himenóptero Hormiga
78%
Lepidóptero Mariposa
78%
Coleóptero Vaquita de san antonio
78%
Coleóptero Escarabajo
72%
Ortóptero Saltamontes
72%
Himenóptero Abejorro
61%
Lepidóptero Polilla
61%
Ortóptero Grillo
56%
Mantoide Mantis
50%
Neóptero Termita
50%
Hemíptero Chinche
44%
Hemíptero Cigarra
44%
Sifonáptero Pulga
44%
Coleóptero Luciérnaga
28%
Fasmatoideo Insecto palo
22%
Tiráptero Piojo
22%
Díptero Tábano
17%
No se encontraron pruebas coincidentes
Distribución de puntuación
Porcentaje de gente con cada puntuación
Porcentaje por número respondido
Historial de tus puntuaciones
No has intentado esta prueba.